000
00267nam a2200109Ia 4500
008
200302s9999 xx 000 0 und d
100
_a
Morgan J. Roberts
245
_a
Norse and Viking Myths and Legends
260
_b
Friedman Group
260
_c
1994
300
_a
112 P.,
999
_c
1455
_d
1455